[Event "Lisbon Portugal op"]
[Site "Lisbon"]
[Date "2017.02.10"]
[Round "9"]
[White "Antunes, Ana"]
[Black "Loureiro, Carlos Miguel Jesus"]
[Result "0-1"]
[WhiteElo "1113"]
[BlackElo "1731"]
[PlyCount "100"]
[EventDate "2017.02.04"]
[EventType "swiss"]
[EventRounds "9"]
[EventCountry "POR"]
[SourceTitle "CBM 176 Extra"]
[Source "ChessBase"]
[SourceDate "2017.03.02"]
[SourceVersion "1"]
[SourceVersionDate "2017.03.02"]
[SourceQuality "1"]

1. e4 e6 2. d4 d5 3. Nc3 Nf6 4. exd5 exd5 5. Bg5 Be7 6. Nf3 0-0 7. Be2 Bf5 8. Ne5 c6 9. Bf3 Nbd7 10. Qe2 Re8 11. 0-0 Nxe5 12. Qxe5 Bxc2 13. Bxf6 Bxf6 14. Qf4 Qb6 15. Qd2 Bg6 16. Ne2 Re7 17. Rfe1 Rae8 18. Kf1 Qb5 19. Rad1 a5 20. Kg1 h6 21. b3 Bg5 22. Qb2 Qb4 23. Kf1 a4 24. Qc3 Qxc3 25. Nxc3 axb3 26. axb3 Bc2 27. Rxe7 Rxe7 28. Ra1 Bxb3 29. Ra8+ Kh7 30. Bg4 Bd2 31. Ne2 Bc4 32. Ra3 b5 33. Bf5+ g6 34. Bd3 Bb4 35. Bxc4 Bxa3 36. Bd3 b4 37. Bc2 f5 38. Ba4 Rc7 39. Nf4 Bb2 40. Ne2 c5 41. dxc5 Rxc5 42. Bb3 d4 43. Ke1 g5 44. f4 Kg6 45. fxg5 hxg5 46. Kd2 Re5 47. g3 Bc3+ 48. Kd3 Re3+ 49. Kc4 Rxe2 50. Kd3 Rxh2 0-1

[Event "Lisbon Portugal op"]
[Site "Lisbon"]
[Date "2017.02.04"]
[Round "1"]
[White "Ozer, Omer Faruk"]
[Black "Loureiro, Carlos Miguel Jesus"]
[Result "1-0"]
[WhiteElo "2344"]
[BlackElo "1731"]
[PlyCount "49"]
[EventDate "2017.02.04"]
[EventType "swiss"]
[EventRounds "9"]
[EventCountry "POR"]
[SourceTitle "CBM 176 Extra"]
[Source "ChessBase"]
[SourceDate "2017.03.02"]
[SourceVersion "1"]
[SourceVersionDate "2017.03.02"]
[SourceQuality "1"]

1. e4 e6 2. d3 d5 3. Nd2 c5 4. Ngf3 Nc6 5. g3 Nge7 6. Bg2 g6 7. 0-0 Bg7 8. Re1 0-0 9. e5 Qc7 10. Qe2 b6 11. c3 Ba6 12. Nf1 d4 13. c4 b5 14. b3 b4 15. h4 Bb7 16. N1h2 h5 17. g4 hxg4 18. Nxg4 Nf5 19. Bg5 Nb8 20. h5 gxh5 21. Nf6+ Bxf6 22. Bxf6 Nd7 23. Ng5 Nxf6 24. exf6 Rfd8 25. Qxh5 1-0